00710nam a2200181Ia 4500008004100000020001500041041001200056082001600068100001800084245004300102260000900145300000900154650001200163942000700175999001500182952017000197952016100367221030s9999 xx 000 0 und d a8170140382 aEnglish a105.23bSat aSatya Prakash 0aMathematical Physicscby Satya Prakash c2000 a1180 aPhysics cBK c6993d6993 pBE 2986g200.00l0o105.23 Satr2024-06-13 00:00:00w2022-10-30yBK003Print4070aMIETLIBbMIETLIBcBL-Academic Block C, FL-2, CUP-8, SH-6, R-6d2001-03-1410HBE pBE 2987g200.00l0o105.23 Satr2024-06-13 00:00:00w2022-10-30yBK003Print4071aMIETLIBbMIETLIBcBL-Second, FL-1, CUP-16, SH-2, R-2d2001-03-1410HBE